000 00247nam a2200109Ia 4500
008 240625s9999 xx 000 0 und d
041 _aeng
082 _a658.5 RUS
100 _aRUSSELL ROBERTA S
245 _aOPERATIONS MANAGEMENT
260 _c2009
999 _c35022
_d35022